UM Logo

Introductory algebra: (Record no. 3253)

MARC details
000 -LEADER
fixed length control field 00533nam a22001697a 4500
008 - FIXED-LENGTH DATA ELEMENTS--GENERAL INFORMATION
fixed length control field 160706b xxu||||| |||| 00| 0 eng d
020 ## - INTERNATIONAL STANDARD BOOK NUMBER
International Standard Book Number 9780073533438
082 ## - DEWEY DECIMAL CLASSIFICATION NUMBER
Edition number 2009
Classification number DC 512.9
Item number B41i
100 ## - MAIN ENTRY--PERSONAL NAME
9 (RLIN) 10877
Personal name Bello, Ignacio
245 ## - TITLE STATEMENT
Title Introductory algebra:
Remainder of title a real-world approach/
Statement of responsibility, etc. Ignacio Bello.
250 ## - EDITION STATEMENT
Edition statement 3rd Edition
260 ## - PUBLICATION, DISTRIBUTION, ETC. (IMPRINT)
Place of publication, distribution, etc. Boston:
Name of publisher, distributor, etc. McGraw-Hill,
Date of publication, distribution, etc. c2009.
300 ## - PHYSICAL DESCRIPTION
Extent xxviii, 728+various pagings:
Other physical details color illustrations;
Dimensions 28 cm.
500 ## - GENERAL NOTE
General note Includes index.<br/>
650 #0 - SUBJECT ADDED ENTRY--TOPICAL TERM
9 (RLIN) 10878
Topical term or geographic name as entry element Algebra
942 ## - ADDED ENTRY ELEMENTS (KOHA)
Source of classification or shelving scheme Dewey Decimal Classification
Koha item type Circulation
Holdings
Withdrawn status Lost status Source of classification or shelving scheme Damaged status Not for loan Collection code Home library Current library Shelving location Date acquired Source of acquisition Total Checkouts Full call number Barcode Date last seen Date last checked out Price effective from Koha item type
    Dewey Decimal Classification     Circulation UM Digos College - LIC UM Digos College - LIC Book Cart 04/22/2013 Photocopied 3 DC 512.9 B41i 2009 22028 05/15/2025 03/26/2024 07/06/2016 Circulation